Loading...
| Mythology | 0 | 3 | 0 | 0 | 30 | 32 | 64.67 | 0 | 1 | 16.95 | 17.53 |
| Science - Biology | 0 | 2 | 0 | 1 | 20 | 120 | 121.50 | 0 | 0 | 0.56 | 2.86 |
| History - European | 0 | 1 | 0 | 1 | 10 | 126 | 126.00 | 0 | 0 | -0.12 | 0.71 |
| Literature - World/Other | 0 | 1 | 0 | 0 | 10 | 108 | 108.00 | 0 | 0 | 1.75 | 4.29 |
| Fine Arts - Classical Music | 0 | 1 | 0 | 1 | 10 | 134 | 134.00 | 0 | 0 | -0.16 | 0.65 |
| Fine Arts - Other | 0 | 1 | 0 | 0 | 10 | 108 | 108.00 | 0 | 0 | 2.10 | 2.86 |
| Philosophy | 0 | 1 | 0 | 1 | 10 | 128 | 128.00 | 0 | 0 | 0.00 | 1.43 |
| Pop Culture | 0 | 1 | 0 | 0 | 10 | 127 | 127.00 | 0 | 0 | 5.28 | 25.00 |
| Social Science | 0 | 0 | 0 | 0 | 0 | 0.00 | 0 | 0 | 0.00 | 0.00 | |
| Literature - British | 0 | 0 | 0 | 0 | 0 | 0.00 | 0 | 0 | 1.49 | 4.29 | |
| History - American | 0 | 0 | 0 | 0 | 0 | 0.00 | 0 | 0 | 0.00 | 0.00 |